000 00457nam a2200169Ia 4500
008 241206s9999||||xx |||||||||||||| ||und||
020 _a9780071109031
_c83.8
040 _beng
_cSSK Library
_erda
082 _a62131924/ALE
100 _a Alexander Sadiku
245 0 _aFundamentals Of Electric Circuits
250 _a3rd ed.
260 _b Mcgraw Hill
_c©2007
942 _2Dewey Decimal Classification
_cBOOK
_nNo
999 _c14271
_d14271
003 OSt
005 20241206223201.0